000 00406nam a22001577a 4500
005 20240108130609.0
008 190503b xxu||||| |||| 00| 0 eng d
020 _aNO882
041 _aeng
100 _aGOKHALE,S.B.,KOKTE,C.K .,AND PUROHIT,A.P
_98305
245 _aA TEXTBOOK OF PHARMACOGNOSY-II (SEM-III)
250 _a3rd ed. 2019
260 _aPUNE
_bNIRALI PRAKASHAN
300 _aI.9p,
942 _cBK
999 _c5843
_d5841